Chaudhvin ka chand Part 1 Part 2 / (Record no. 47115)

MARC details
000 -LEADER
fixed length control field 01005njm a22002777a 4500
005 - DATE AND TIME OF LATEST TRANSACTION
control field 2010092003093.0
006 - FIXED-LENGTH DATA ELEMENTS--ADDITIONAL MATERIAL CHARACTERISTICS--GENERAL INFORMATION
fixed length control field a|||||r|||||00| 0
007 - PHYSICAL DESCRIPTION FIXED FIELD--GENERAL INFORMATION
fixed length control field sd ammalaaahaa
008 - FIXED-LENGTH DATA ELEMENTS--GENERAL INFORMATION
fixed length control field 100913t xxu||||| |||| 00| 0 hin d
028 ## - PUBLISHER NUMBER
Publisher number PMLP.1039
Source His Master'sVoice
035 ## - SYSTEM CONTROL NUMBER
System control number GR-03934
040 ## - CATALOGING SOURCE
Original cataloging agency SED/VEN
100 ## - MAIN ENTRY--PERSONAL NAME
Personal name Mohamed Rafi
9 (RLIN) 1184
245 ## - TITLE STATEMENT
Title Chaudhvin ka chand Part 1 Part 2 /
Statement of responsibility, etc by Mohamed Rafi
Medium [sound recording] :
246 ## - VARYING FORM OF TITLE
Title proper/short title चौदहवीं का चाँद (मोहमद रफ़ी )
260 ## - PUBLICATION, DISTRIBUTION, ETC. (IMPRINT)
Place of publication, distribution, etc Dum Dum India
Name of publisher, distributor, etc His Master's Voice
Date of publication, distribution, etc 1985
300 ## - PHYSICAL DESCRIPTION
Extent 1 sound disc [Gramophone record] :
Other physical details analog, 33 1/3 rpm
Dimensions 12.5 in. (LP)
Type of unit Gramophone Record
500 ## - GENERAL NOTE
General note Brief Record
500 ## - GENERAL NOTE
General note Record label :His Master's Voice, Orang
505 ## - FORMATTED CONTENTS NOTE
Formatted contents note Part 1 Mohabbat choome jinke hath Side 2 Chaudhvin ka chand ( Mohamed Rafi)
600 ## - SUBJECT ADDED ENTRY--PERSONAL NAME
Personal name Mangeskar, lata
9 (RLIN) 19992
650 ## - SUBJECT ADDED ENTRY--TOPICAL TERM
Topical term or geographic name as entry element Film Music
General subdivision Excerpts
Geographic subdivision India
9 (RLIN) 20525
650 ## - SUBJECT ADDED ENTRY--TOPICAL TERM
9 (RLIN) 20526
700 ## - ADDED ENTRY--PERSONAL NAME
9 (RLIN) 20834
942 ## - ADDED ENTRY ELEMENTS (KOHA)
Source of classification or shelving scheme Dewey Decimal Classification
Item type Gramaphone Records

No items available.


© Delhi Public Library
Hit Counter
free hit counter